000 00501nam a22001697a 4500
005 20251108165243.0
008 250721s9999 xx 000 0 ara d
082 1 4 _a613.25/غذا
245 1 0 _aغذاء الرشاقة :
_bأفضل أنواع الحمية /
264 1 _aبيروت :
_bالشركة الشرقية للمطبوعات،
_c[19-].
300 _a96ص
490 0 _aسلسلة أسرتي
650 1 7 _aالتغذية
650 1 7 _aالريجيم
942 _2ddc
_cBK
999 _c23310
_d23310